| 000 | 03092nam a22011537a 4500 | ||
|---|---|---|---|
| 003 | PE-LiUPU | ||
| 005 | 20250813185657.0 | ||
| 008 | 230926b |||||||| |||| 00| 0 spa d | ||
| 020 | _a9786124334092 | ||
| 040 |
_bspa _cPE-LiUPU _dPE-LiUPU _erda |
||
| 082 |
_223 _a343.2 _bH874h |
||
| 100 | 1 | 0 |
_aHuayanay Chuquillanqui., Hugo. _eautor _92563 |
| 245 | 1 | 0 |
_aHistoria de las constituciones del Perú : _buna historia de reinventos permanentes / _cHugo Huayanay Chuquillanqui. _hIncluye CD. |
| 250 | _aPrimera edición. | ||
| 264 |
_aLima : _bLex & Iuris, _c2018. |
||
| 300 |
_a254 páginas : _c24 centímetros. |
||
| 504 | _aRepertorio bibliográfico: p.197-254. | ||
| 505 | _aLa constitución de 1823 -- La constitución de 1826 -- La constitución de 1828 -- La constitución de 1834 -- La constitución de 1837 -- La constitución de 1839 -- La constitución de 1856 -- La constitución de 1860 -- La constitución de 1867 -- La constitución de 1920 -- La constitución de 1933 -- La constitución de 1979 -- La constitución de 1993 | ||
| 526 | _aP202 | ||
| 526 | _aP201 | ||
| 526 | _aP163 | ||
| 526 | _aP162 | ||
| 526 | _aP161 | ||
| 526 | _aP160 | ||
| 526 | _aP148 | ||
| 526 | _aP147 | ||
| 526 | _aP146 | ||
| 526 | _aP145 | ||
| 526 | _aP144 | ||
| 526 | _aP143 | ||
| 526 | _aP142 | ||
| 526 | _aP141 | ||
| 526 | _aP140 | ||
| 526 | _aP139 | ||
| 526 | _aP138 | ||
| 526 | _aP137 | ||
| 526 | _aP136 | ||
| 526 | _aP135 | ||
| 526 | _aP134 | ||
| 526 | _aP133 | ||
| 526 | _aP129 | ||
| 526 | _aP128 | ||
| 526 | _aP127 | ||
| 526 | _aP120 | ||
| 526 | _aP119 | ||
| 526 | _aP118 | ||
| 526 | _aP116 | ||
| 526 | _aP115 | ||
| 526 | _aP114 | ||
| 526 | _aP110 | ||
| 526 | _aP109 | ||
| 526 | _aP108 | ||
| 526 | _aP104 | ||
| 526 | _aP103 | ||
| 526 | _aP102 | ||
| 526 | _aP99 | ||
| 526 | _aP98 | ||
| 526 | _aP97 | ||
| 526 | _aP96 | ||
| 526 | _aP95 | ||
| 526 | _aP93 | ||
| 526 | _aP90 | ||
| 526 | _aP89 | ||
| 526 | _aP88 | ||
| 526 | _aP83 | ||
| 526 | _aP82 | ||
| 526 | _aP62 | ||
| 526 | _aP59 | ||
| 526 | _aP58 | ||
| 526 | _aP57 | ||
| 526 | _aP51 | ||
| 526 | _aP49 | ||
| 526 | _aP48 | ||
| 526 | _aP47 | ||
| 526 | _aP29 | ||
| 526 | _aP24 | ||
| 526 | _aP20 | ||
| 526 | _aP19 | ||
| 526 | _aP17 | ||
| 526 | _aP15 | ||
| 526 | _aP14 | ||
| 526 | _aP12 | ||
| 526 | _aP10 | ||
| 526 | _aP09 | ||
| 526 | _aP08 | ||
| 526 | _aP07 | ||
| 526 | _aP06 | ||
| 526 | _aP05 | ||
| 526 | _aP04 | ||
| 526 | _aP01 | ||
| 556 |
_a10444184961 E001-106
_z9786124334092 |
||
| 650 | 1 | 8 |
_aHistoria constitucional _zPerú. _2bnp _92567 |
| 650 | 2 | 8 |
_aConstituciones _zPerú. _2bnp _92568 |
| 650 | 2 | 8 |
_aDerecho constitucional _zPerú _xInterpretación y aplicación. _2bnp _92569 |
| 710 |
_aConstitución del Perú _93675 |
||
| 942 |
_2ddc _cBK _n0 |
||
| 980 |
_618226 _aJaime Vilcazán Jefe de Análisis Documental _81 _gALBERTO SANCHEZ Responsable de Automatización |
||
| 999 |
_c61973 _d61973 |
||